| 000 | 00363nam a2200121Ia 4500 | ||
|---|---|---|---|
| 008 | 230907s9999||||xx |||||||||||||| ||und|| | ||
| 082 |
_a333.8 _bZHA |
||
| 100 |
_aFan Zhang. _9116205 |
||
| 245 | 0 | _aIn the Dark : How much do power Sector Distortions Cost South Asia? : Overview / | |
| 260 |
_aWorld Bank Group, _bWashington: _c2019 |
||
| 300 | _a27 p. | ||
| 942 | _cBK | ||
| 999 |
_c601624 _d601624 |
||